| 000 | 00355 a2200157 4500 | ||
|---|---|---|---|
| 001 | 192926 | ||
| 020 | _a978-85-16-08246-8 | ||
| 040 | _cMagnum | ||
| 100 | _aMachado, Ana Maria | ||
| 240 | 1 | 0 |
_aUma rede de casas encantadas _lpor |
| 245 | 1 | 0 | _aUma rede de casas encantadas |
| 300 | _a80 | ||
| 362 | 0 | _a2012 | |
| 697 | _aLITERATURA GERAL | ||
| 942 | _cBK | ||
| 999 |
_c192926 _d192926 |
||